|
|
|
|
| LEADER |
01544nam a2200409Ia 4500 |
| 001 |
EBC235205 |
| 003 |
MiAaPQ |
| 005 |
20200520144314.0 |
| 006 |
m o d | |
| 007 |
cr cn||||||||| |
| 008 |
981022s1999 enkabf sb 001 0 eng d |
| 010 |
|
|
|z 99158348
|
| 020 |
|
|
|z 0203982355
|
| 020 |
|
|
|z 0750708220 (cased)
|
| 020 |
|
|
|z 0750708212 (paper)
|
| 035 |
|
|
|a (MiAaPQ)EBC235205
|
| 035 |
|
|
|a (Au-PeEL)EBL235205
|
| 035 |
|
|
|a (CaPaEBR)ebr10095189
|
| 035 |
|
|
|a (CaONFJC)MIL14364
|
| 035 |
|
|
|a (OCoLC)475942770
|
| 040 |
|
|
|a MiAaPQ
|c MiAaPQ
|d MiAaPQ
|
| 050 |
|
4 |
|a HV41.9.G7
|b R62 1999
|
| 100 |
1 |
|
|a Roberts, Tom,
|d 1944 Apr. 24-
|
| 245 |
1 |
4 |
|a The funding revolution
|h [electronic resource] :
|b new routes to project fundraising /
|c Tom Roberts.
|
| 260 |
|
|
|a London :
|b Falmer Press,
|c 1999.
|
| 300 |
|
|
|a x, 124 p., [1] leaf of plates :
|b ill., map.
|
| 490 |
1 |
|
|a Managing colleges effectively series ;
|v 3
|
| 504 |
|
|
|a Includes bibliographical references (p. 121-123) and index.
|
| 533 |
|
|
|a Electronic reproduction. Ann Arbor, MI : ProQuest, 2015. Available via World Wide Web. Access may be limited to ProQuest affiliated libraries.
|
| 650 |
|
0 |
|a Fund raising
|z Great Britain.
|
| 650 |
|
0 |
|a Project finance
|z Great Britain.
|
| 650 |
|
0 |
|a Fund raising
|z Europe.
|
| 650 |
|
0 |
|a Project finance
|z Europe.
|
| 655 |
|
4 |
|a Electronic books.
|
| 710 |
2 |
|
|a ProQuest (Firm)
|
| 830 |
|
0 |
|a Managing colleges effectively series ;
|v 3.
|
| 856 |
4 |
0 |
|u https://ebookcentral.proquest.com/lib/matrademy/detail.action?docID=235205
|z Click to View
|